000 00681nam a22001937a 4500
005 20150521143711.0
010 _aENG-112709
020 _a9788172132279
_c550.00
035 _aEN-96241
037 _bDBAD/PUB
082 _a305.403
100 _aHazarika, Karabi
245 _aWomen in dictionary interpreting interpretations :
_cby Karabi Hazarika
_bwith special reference to a few selected dictionaries over the centuries /
260 _aGuwahati
_bPurbanchal Prakash
_c2014
270 _aH.N.2, Sewjee Path, Wireless,
_bGuwahati
_e781001
300 _a224p.
_c23cm(Hb)
500 _aIncludes bibliographical references
942 _2ddc
_cEN
_mHAZ
_h305.403
999 _c92982
_d92982